000 00991nam0a2200301 4500
001 RU\NLR\ONL2\10213
005 20250613130837.0
010 _a978-5-295-04303-1
_95000
035 _a(NLR Aleph) 009657802
090 _a9598663
_c9598663
100 _a20080708d2008 |||y0rusy50 ca
101 0 _abak
_atat
102 _aRU
105 _ay |||||||||
200 1 _aЙырлайыk, дуçтар!
_f[төз.: Г. Фазлиэхмэтова, Т. Вэлиева]
210 _aӨфө
_cКитап
_d2008
215 _a470,[1] б.
_d17
541 1 _aСпоемте, друзья!
_eсб. попул. песен. текстов: на башк. и татар. яз.
_zrus
686 1 _aШ6(2=Баш)7-53
686 1 _aШ6(2=Тат)7-53
702 1 _aФазлиэхмэтова
_bГ.
_gГөлназ
_4220
801 0 _aRU
_bNLR
_c20080708
_gPSBO
852 _aNLR
_bОНЛ
_jБашк./2-4568
942 _cBOOK
980 _aNB
980 _aONL_RF